00957pam a2200277 a 450000500170000000800410001701000180005802000150007603500170009103700120010804000120012008200120013210000220014424500930016626000420025927000550030130000330035649000170038950000200040650000380042665000450046465000240050965000270053383000340056085600850059420080710151859.0080710t xxu||||| |||| 00| 0 eng d aB-270041-046  a0753405067 aB-270041-046 bGrolier aDPLbEN a788.32  aPaker, Josephine  aI wonder why flutes have holes :band other questions about music /cby Josephine Paker. aLondonbKingfisher Publicationsc2007 aNew Penderel Houes, 283-288 High Holborn, bLondon a32 p. :bcol. ill. ;c29 cm. aI wonder why aIncludes index. aThis book is published in 24 vol. aMusicxMiscellaneaxJuvenile literature. aMusicxMiscellanea. aQuestions and answers. aI wonder why (New York, N.Y.) 3Publisher descriptionuhttp://www.loc.gov/catdir/description/hm021/94045002.html